Mercados itinerantes: estudio comparativo de dos mercados en México /
En este trabajo se realiza una comparación entre dos mercados itinerantes campesinos – indígenas del metropolitano Valle de Toluca, México. Muestra el origen de los productos que se intercambian en cada uno de ellos y las maneras de articulación de las economías urbano – populares y campesinas e ind...
Na minha lista:
| Autor principal: | |
|---|---|
| Outros Autores: | |
| Formato: | Livro |
| Idioma: | Spanish |
| Assuntos: | |
| Tags: |
Adicionar Tag
Sem tags, seja o primeiro a adicionar uma tag!
|
MARC
| LEADER | 00000nam a22000007a 4500 | ||
|---|---|---|---|
| 003 | cru CIDCACS/IIS | ||
| 005 | 20200925161223.0 | ||
| 007 | ta | ||
| 008 | 170222s2016 cr ||||| |||| 00| 0 spa d | ||
| 040 | |c CRAI/IIS |a CRAI/IIS | ||
| 100 | 1 | |9 2982 |a González Ortiz, Felipe | |
| 245 | 1 | |a Mercados itinerantes: |b estudio comparativo de dos mercados en México / |c Felipe González Ortiz, Sergio Vega Bolaños | |
| 300 | |a páginas 127-149: |b mapas | ||
| 520 | |a En este trabajo se realiza una comparación entre dos mercados itinerantes campesinos – indígenas del metropolitano Valle de Toluca, México. Muestra el origen de los productos que se intercambian en cada uno de ellos y las maneras de articulación de las economías urbano – populares y campesinas e indígenas al mercado global, a través de este tipo de mercados. Se parte del reconocimiento que este tipo de mercados (los itinerantes) conforman un segmento de demanda y oferta, por el que compiten con otras modalidades de comercio (mercados fijos, supermercados y mercados de élite), lo que ha dado entrada a un proceso de marginación de esta modalidad, haciendo que sean reubicados y aislados en numerosas ocasiones, ilustrada en la comparación de los mercados tianguis (para usar la expresión prehispánica) de Toluca y de Ixtlahuaca. KDV/180517 | ||
| 650 | 1 | 0 | |9 4674 |a COMERCIO |
| 650 | 4 | |9 3250 |a MERCADO | |
| 650 | 1 | 0 | |9 1211 |a ECONOMIA URBANA |
| 650 | 1 | 0 | |9 126 |a CULTURA |
| 650 | 0 | |9 1856 |a ANALISIS COMPARATIVO | |
| 650 | 1 | 0 | |9 624 |a CAMPESINADO |
| 650 | 0 | |9 4725 |a INDIGENAS | |
| 651 | 1 | 0 | |a MEXICO |9 3410 |
| 700 | 1 | |9 2983 |a Vega Bolaños, Sergio | |
| 773 | 0 | |0 18728 |9 294 |a Universidad de Costa Rica |d San José, Costa Rica Editorial UCR 1956- |o R19232 |t Revista de Ciencias Sociales/ | |
| 942 | |2 ddc |c PP | ||
| 999 | |c 18918 |d 18918 | ||
